| 000 | 00454nam a22001457a 4500 | ||
|---|---|---|---|
| 020 | _a978-81-226-0777-2 | ||
| 082 |
_a894.812.3 _bPAR/K |
||
| 100 | _aPARAPPURATTH | ||
| 245 | _aKANAPONNU | ||
| 260 |
_aTHRISSUR _bCURRENT BOOKS _c2009 |
||
| 300 | _a82 | ||
| 520 | _aA beautiful girl named Ribba, from a wealthy family, has to be so humbly married to a non-beautiful young man named Thomas Kutty, with a certain situation. | ||
| 650 | _aNOVEL | ||
| 942 | _cBK | ||
| 999 |
_c5043 _d5043 |
||